| Tag |
First Indicator |
Second Indicator |
Subfields |
| LEADER |
00000cam a22000004a 4500 |
| 001 |
in00002066613 |
| 005 |
20151102051621.0 |
| 008 |
041021s2005 enka b 001 0 eng |
| 010 |
|
|
|a 2004025009
|
| 020 |
|
|
|a 0754642534 (alk. paper)
|
| 035 |
|
|
|a (OCoLC)ocm56825603
|
| 040 |
|
|
|a DLC
|c DLC
|d BWKUK
|d OCL
|d BAKER
|d UtOrBLW
|
| 042 |
|
|
|a pcc
|
| 043 |
|
|
|a s-bl---
|a n-us-or
|
| 049 |
|
|
|a TXAM
|
| 050 |
0 |
0 |
|a HT169.B872
|b C8753 2005
|
| 082 |
0 |
0 |
|a 307.1/216/0979549
|2 22
|
| 100 |
1 |
|
|a Irazábal, Clara.
|
| 245 |
1 |
0 |
|a City making and urban governance in the Americas :
|b Curitiba and Portland /
|c Clara Irazábal.
|
| 264 |
|
1 |
|a Aldershot, England ;
|a Burlington, VT :
|b Ashgate,
|c [2005]
|
| 264 |
|
4 |
|c ©2005
|
| 300 |
|
|
|a viii, 335 pages :
|b illustrations ;
|c 24 cm.
|
| 336 |
|
|
|a text
|b txt
|2 rdacontent
|
| 337 |
|
|
|a unmediated
|b n
|2 rdamedia
|
| 338 |
|
|
|a volume
|b nc
|2 rdacarrier
|
| 490 |
1 |
|
|a Design and the built environment series
|
| 504 |
|
|
|a Includes bibliographical references (pages [309]-327) and index.
|
| 505 |
0 |
|
|a Beyond the urban convergence/divergence debate : architecture and urbanism in a global urban context -- Urban governance and citizen participation : definitions and models -- Urban governance in comparative perspective : Curitiba and Portland -- The politics of urban and regional development in Curitiba -- The politics of urban and regional development in Portland -- Gated and edge cities : community and alienation in Curitiba -- Housing and growth management debates in Portland : conflicting planning views, contrasting architectural typologies -- Architecture and image-making : invocations of tradition vs. critical transnationalism in Curitiba -- Nike vis-à-vis Adidas : spatializing regional planning discourses in Portland's global corporate architecture.
|
| 650 |
|
0 |
|a City planning
|z Brazil
|z Curitiba.
|
| 650 |
|
0 |
|a City planning
|z Oregon
|z Portland.
|
| 651 |
|
0 |
|a Curitiba (Brazil)
|x Politics and government.
|
| 651 |
|
0 |
|a Portland (Or.)
|x Politics and government.
|
| 830 |
|
0 |
|a Design and the built environment series.
|
| 856 |
4 |
1 |
|3 Table of contents
|u http://www.loc.gov/catdir/toc/ecip052/2004025009.html
|t 0
|
| 945 |
|
|
|i PromptCat
|
| 947 |
|
|
|a A14832675456
|
| 948 |
|
|
|a cataloged
|b h
|c 2005/8/25
|d c
|e achopde
|f 12:47:19 pm
|
| 994 |
|
|
|a 92
|b TXA
|
| 999 |
|
|
|a MARS
|
| 999 |
f |
f |
|s 8fd9fff0-6143-35bb-abbd-1fb5cef7c262
|i c1d2dd92-f8f1-382c-8e20-86a162d7f191
|t 0
|
| 952 |
f |
f |
|p normal
|a Texas A&M University
|b College Station
|c Sterling C. Evans Library
|d Evans: Library Stacks
|t 0
|e HT169.B872 C8753 2005
|h Library of Congress classification
|i unmediated -- volume
|m A14832675456
|
| 998 |
f |
f |
|a HT169.B872 C8753 2005
|t 0
|l Evans: Library Stacks
|